000 00718cam a22002293a 4500
001 32818
003 PGUSA
005 20140828083718.0
008 100614s2010||||xxu|||||s|||||000 | eng d
040 _aPGUSA
_beng
042 _adc
050 4 _aSB
100 1 _aMoore, Thomas,
_d1821-1887
245 1 0 _aTheory and Practice, Applied to the Cultivation of the Cucumber in the Winter Season :
_bTo Which Is Added a Chapter on Melons
_h[electronic resource] /
_cThomas Moore
260 _bProject Gutenberg,
_c2010
506 _aPublic domain in the USA.
516 _aElectronic text
653 _aCucumbers
830 0 _aProject Gutenberg
_v32818
856 4 0 _uhttp://www.gutenberg.org/ebooks/32818
942 _cEB
999 _c262073
_d262073